Ejercicios graduados de cálculo sobre las cuatro reglas fundamentales de la aritmética : Libro del alumno
Gespeichert in:
| Format: | Buch |
|---|---|
| Sprache: | Spanisch |
| Erschienen: |
Madrid [etc.] :
Bruño,
1966
|
| Ausgabe: | 24a ed. |
| Katalog: | MANES: Suchergebnis im Bibliothekskatalog |
| Schulbuchspezifische Eigenschaften: |
|
| Tags: |
Tag hinzufügen
Keine Tags, Fügen Sie den ersten Tag hinzu!
|
| Hinzugefügt zu: | 09.02.2019 |
| Geändert in: | 07.05.2025 |
MARC
| LEADER | 00000cam a2200000 i 4500 | ||
|---|---|---|---|
| 005 | 20250507134358.0 | ||
| 008 | 190210s1966 esp fp 000 0 spa d | ||
| 040 | |a uned |b spa |c entro-manes | ||
| 245 | 0 | 0 | |a Ejercicios graduados de cálculo sobre las cuatro reglas fundamentales de la aritmética : |b Libro del alumno |
| 250 | |a 24a ed. | ||
| 260 | |a Madrid [etc.] : |b Bruño, |c 1966 | ||
| 300 | |a 81 p. | ||
| 500 | |a En la port.: Aprobado por el M.E.N.- O.M del 12-7-1963. B.O.M. núm 65 del 15-8-63 | ||
| 546 | |a España | ||
| 561 | |5 es-BUNED |3 L.T. 4159 |a España. Fondo Manes UNED |k MANES | ||
| 690 | 0 | |a MATE | |
| 691 | 0 | |a PRI | |
| 942 | |2 ddc |c BK | ||
| 999 | |c 93084 |d 93084 | ||
| 999 | |c manes:93084 |d 93084 | ||